K OTÁZKE GUMMÓSNEJ KERATITIDY

Bibliographic Details
Main Author: Dérer, Jozef, 1887-1967 (Author)
Format: Article
Language:Slovak

MARC

LEADER 00000nab a2200000ua 4500
001 vtls010775653
003 SK-MaSNL
005 20260303123409.0
008 230214s xo |||||||||||||||||slo|
035 |a (urnnbn)urn:nbn:sk:snk:ar-a037jj 
035 |a (uuid)708c3e4a-f0ac-45b7-ab10-e35170404b66 
035 |a urn:nbn:sk:snk-ab5461 
040 |a SNKBUCL  |b slo  |c SNKBUCL  |e AACR2 
041 0 |a slo 
044 |a xo  |c SK 
100 1 |a Dérer, Jozef,  |d 1887-1967  |4 aut  |9 171961 
245 1 0 |a K OTÁZKE GUMMÓSNEJ KERATITIDY  |c Jozef Dérer 
773 0 |t Bratislavské lekárske listy  |g Roč. 4, č. 9 (1924-1925), s. 438-443 
954 |a odborná, vedecká literatúra pôvodná (slovenská)  |2 lita 
958 |a OND 
958 |a EUIPO 
958 |a article3 
999 |c 1925677  |d 1927607